000 00614nam a2200241Ia 4500
003 OSt
005 20220927104445.0
006 a|||||r|||| 00| 0
007 ta
008 220926b |||||||| |||| 00| 0 eng d
024 _a153707
037 _cReference Collections
040 _aRTL
_cRTL
_beng
041 _2eng
_aeng
082 _a"X65291.1(X), L6/UN"
110 _aUnited Nations
245 0 _aSocial cost benefit analysis
260 _c1976
300 _a143p
_ccm.
700 _aUnited Nations
942 _h"X65291.1(X), L6/UN"
_cCC
999 _c687581
_d687581